|
|
|
|
| LEADER |
03032nam a2200817 i 4500 |
| 001 |
nkc20172961682 |
| 003 |
CZ PrNK |
| 005 |
20220511133237.0 |
| 007 |
ta |
| 008 |
171218s2017 xr ah e 000 0 cze |
| 015 |
|
|
|a cnb002961682
|
| 020 |
|
|
|a 978-80-7480-086-3
|q (vázáno)
|
| 035 |
|
|
|a (OCoLC)1022795623
|
| 040 |
|
|
|a ABA001
|b cze
|e rda
|
| 041 |
0 |
|
|a cze
|a ger
|b eng
|
| 043 |
|
|
|a e-au---
|a e-xr---
|b e-xr-kr
|2 czenas
|
| 045 |
|
|
|a w-y-
|
| 072 |
|
7 |
|a 623
|x Vojenská technika
|2 Konspekt
|9 19
|
| 080 |
|
|
|a 069.424-051
|2 MRF
|
| 080 |
|
|
|a 623.4
|2 MRF
|
| 080 |
|
|
|a 623.444
|2 MRF
|
| 080 |
|
|
|a 623.4
|2 MRF
|
| 080 |
|
|
|a 623.445
|2 MRF
|
| 080 |
|
|
|a 623.441/.443
|2 MRF
|
| 080 |
|
|
|a (436)
|2 MRF
|
| 080 |
|
|
|a (437.313)
|2 MRF
|
| 080 |
|
|
|a (083.82)
|2 MRF
|
| 080 |
|
|
|a (0.027)
|2 MRF
|
| 100 |
1 |
|
|a Scheurer, Julius Ernst,
|d -1937
|7 jo2018976634
|4 aut
|
| 245 |
1 |
0 |
|a Scheurerův lístkový katalog - opočenská sbírka zbraní :
|b kritický katalog /
|c Matouš Jirák, Michal Junek
|
| 246 |
3 |
0 |
|a Opočenská sbírka zbraní
|
| 250 |
|
|
|a 1. vydání
|
| 264 |
|
1 |
|a Praha :
|b Národní památkový ústav,
|c 2017
|
| 300 |
|
|
|a 303 stran :
|b ilustrace (některé barevné), faksimile ;
|c 28 cm
|
| 336 |
|
|
|a text
|b txt
|2 rdacontent
|
| 337 |
|
|
|a bez média
|b n
|2 rdamedia
|
| 338 |
|
|
|a svazek
|b nc
|2 rdacarrier
|
| 504 |
|
|
|a Obsahuje bibliografii a bibliografické odkazy
|
| 546 |
|
|
|a Částečně německý text, anglické resumé
|
| 600 |
1 |
7 |
|a Scheurer, Julius Ernst,
|d -1937
|7 jo2018976634
|2 czenas
|
| 610 |
2 |
7 |
|a Opočno (zámek)
|7 ko2002101858
|2 czenas
|
| 648 |
|
7 |
|a 19.-20. století
|7 ch757015
|2 czenas
|
| 648 |
|
7 |
|a 21. století
|7 ch460559
|2 czenas
|
| 650 |
0 |
7 |
|a sběratelé
|7 ph125434
|z Rakousko
|y 19.-20. století
|2 czenas
|
| 650 |
0 |
7 |
|a zbraně
|7 ph116743
|2 czenas
|
| 650 |
0 |
7 |
|a historické zbraně
|7 ph120735
|2 czenas
|
| 650 |
0 |
7 |
|a chladné zbraně
|7 ph114241
|2 czenas
|
| 650 |
0 |
7 |
|a střelné zbraně
|7 ph116324
|2 czenas
|
| 650 |
0 |
7 |
|a zbroj
|7 ph123669
|2 czenas
|
| 650 |
0 |
7 |
|a muzejní sbírky
|7 ph137908
|z Česko
|y 21. století
|2 czenas
|
| 650 |
0 |
9 |
|a collectors
|z Austria
|y 19th-20th centuries
|2 eczenas
|
| 650 |
0 |
9 |
|a weapons
|2 eczenas
|
| 650 |
0 |
9 |
|a historic weapons
|2 eczenas
|
| 650 |
0 |
9 |
|a cold weapons
|2 eczenas
|
| 650 |
0 |
9 |
|a ranged weapons
|2 eczenas
|
| 650 |
0 |
9 |
|a armour
|2 eczenas
|
| 650 |
0 |
9 |
|a museum collections
|z Czechia
|y 21st century
|2 eczenas
|
| 651 |
|
7 |
|a Opočno (Rychnov nad Kněžnou, Česko)
|7 ge208049
|2 czenas
|
| 651 |
|
9 |
|a Opočno (Rychnov nad Kněžnou, Czechia)
|2 eczenas
|
| 655 |
|
7 |
|a katalogy
|7 fd132535
|2 czenas
|
| 655 |
|
7 |
|a kritická vydání
|7 fd249727
|2 czenas
|
| 655 |
|
9 |
|a catalogs
|2 eczenas
|
| 655 |
|
9 |
|a critical issues
|2 eczenas
|
| 700 |
1 |
|
|a Jirák, Matouš,
|d 1981-
|7 jo2016899082
|4 aut
|4 pht
|
| 700 |
1 |
|
|a Junek, Milan
|7 hka2018986905
|4 aut
|
| 710 |
2 |
|
|a Opočno (zámek)
|7 ko2002101858
|4 orm
|
| 910 |
2 |
|
|a BOA001
|b 3-1401.359
|
| 990 |
|
|
|a BK
|
| 995 |
|
|
|a 01
|
| 991 |
|
|
|b 201801
|c NOV
|
| 996 |
6 |
|
|b 2610731007
|c 3-1401.359
|l MZK
|r Sklad / do 1 hodiny
|n 1
|p p.v.
|w 001646784
|u 000010
|a 1
|e BOA001
|j MZK50
|s P
|